000 01336cam a2200289 a 4500
001 13234135
005 20031216181448.0
008 030611s2004 njua b 001 0 eng
010 _a 2003013177
020 _a0131973088
040 _aDLC
_cDLC
_dDLC
050 0 0 _aTA710
_b.L545 2004
082 0 0 _a624.15136
_222
_bLIU
100 1 _aLiu, Cheng,
_d1937-
_99143
245 1 0 _aSoils and Foundations/
_cCheng Liu, Jack B. Evett; SI Conversion by Nurly Gofar
260 _aUpper Saddle River, N.J. :
_bPearson Prentice Hall,
_cc2004.
300 _ax, 486 p. :
_bill. ;
_c24 cm.
504 _aIncludes bibliographical references (p. 477-480) and index.
650 0 _aSoil mechanics.
_99144
650 0 _aFoundations.
_99145
700 1 _aEvett, Jack B.,
_d1942-
_99146
856 4 1 _3Table of contents
_uhttp://www.loc.gov/catdir/toc/ecip045/2003013177.html
942 _2ddc
_cBB
999 _c12864
_d12864